Nommez une lettre valide - Erreurs éliminatoires - Statistiques

Statistiques générales
  • Ce quiz a été pris 587 fois
  • Le résultat moyen est 10 sur 15
Statistiques - réponses
Nommez... Réponse % Correct
Une voyelle A, E, I, O, U, Y
100%
Une des cinq lettres les plus fréquemment utilisées dans la langue française A, E, I, N, S
99%
Une lettre utilisée pour écrire les chiffres romains C, D, I, L, M, V, X
98%
Une lettre avec un axe de symétrie A, B, C, D, E, H, I, etc.
94%
Une lettre avec un centre de symétrie H, I, N, O, S, X, Z
88%
Une lettre n'étant pas présente dans l'alphabet latin durant l'Antiquité G, J, K, U, W, Y, Z
70%
Une lettre n'étant pas le symbole d'un élément chimique A, D, E, G, J, L, M, etc.
69%
Une lettre présente dans la chanson la plus populaire du groupe Village People A, C, M, Y
55%
Une lettre donnée à au moins une vitamine non synthétisée nécessaire à l'humain A, B, C, D, E, K
54%
Une lettre dont la dénomination comporte une autre lettre W, Y
53%
Une lettre par laquelle ne commence aucun pays du monde W, X
44%
Une lettre mise en avant dans l'un des romans de Georges Perec E, W
41%
Une lettre étant également le nom d'une commune dans le monde A, U, Y
40%
Une lettre représentant un ensemble de nombres en mathématiques C, D, H, N, O, Q, R, etc.
32%
Une lettre valant 4 points au Scrabble F, H, V
18%
Aucun quiz correspondant
Distribution des résultats
% des personnes avec chaque résultat
Percentile par nombre de réponses
Votre historique - résultats
Vous n’avez pas pris ce quiz